<?xml version="1.0" encoding="UTF-8"?><?xml-stylesheet type="text/xsl" href="static/style.xsl"?><OAI-PMH xmlns="http://www.openarchives.org/OAI/2.0/" xmlns:xsi="http://www.w3.org/2001/XMLSchema-instance" xsi:schemaLocation="http://www.openarchives.org/OAI/2.0/ http://www.openarchives.org/OAI/2.0/OAI-PMH.xsd"><responseDate>2026-04-29T01:29:34Z</responseDate><request verb="GetRecord" identifier="oai:riubu.ubu.es:10259/10336" metadataPrefix="marc">https://riubu.ubu.es/oai/request</request><GetRecord><record><header><identifier>oai:riubu.ubu.es:10259/10336</identifier><datestamp>2025-03-18T08:41:08Z</datestamp><setSpec>com_10259_5786</setSpec><setSpec>com_10259_5086</setSpec><setSpec>com_10259_2604</setSpec><setSpec>col_10259_5787</setSpec></header><metadata><record xmlns="http://www.loc.gov/MARC21/slim" xmlns:doc="http://www.lyncode.com/xoai" xmlns:xsi="http://www.w3.org/2001/XMLSchema-instance" xmlns:dcterms="http://purl.org/dc/terms/" xsi:schemaLocation="http://www.loc.gov/MARC21/slim http://www.loc.gov/standards/marcxml/schema/MARC21slim.xsd">
<leader>00925njm 22002777a 4500</leader>
<datafield tag="042" ind1=" " ind2=" ">
<subfield code="a">dc</subfield>
</datafield>
<datafield tag="720" ind1=" " ind2=" ">
<subfield code="a">Alsasua, Roberto</subfield>
<subfield code="e">author</subfield>
</datafield>
<datafield tag="720" ind1=" " ind2=" ">
<subfield code="a">Arroyo del Bosque, Rubén</subfield>
<subfield code="e">author</subfield>
</datafield>
<datafield tag="720" ind1=" " ind2=" ">
<subfield code="a">Arana, Javier</subfield>
<subfield code="e">author</subfield>
</datafield>
<datafield tag="720" ind1=" " ind2=" ">
<subfield code="a">Lapresa Ajamil, Daniel</subfield>
<subfield code="e">author</subfield>
</datafield>
<datafield tag="720" ind1=" " ind2=" ">
<subfield code="a">Anguera, María Teresa</subfield>
<subfield code="e">author</subfield>
</datafield>
<datafield tag="260" ind1=" " ind2=" ">
<subfield code="c">2021-12</subfield>
</datafield>
<datafield tag="520" ind1=" " ind2=" ">
<subfield code="a">With the use of the observational methodology, a comparative match analysis has been carried out between the two finalist teams of the Paralympic Games in Rio de Janeiro 2016 -the observational sampling is made up of all the sequences finished in shooting in each of the matches played by the selections of USA and Spain-. The objective has been to characterize the way in which both teams resolve the issue of the functional class of their players and their influence on the construction of offensive sequences that end in a shot -effective and ineffective-. An adaptation (the introduction of the functional class handicap criterion) was performed on the observation instrument SOBL-2. Regarding the recording and coding process, the observation instrument has been introduced in the software LINCE. The reliability of the data has been guaranteed, in the form of interobserver agreement, by means of the Cohen's Kappa coefficient. The results of the analysis of the search for associative relationships between categorical variables indicate how both selections solve the question of the functional class of their players in different ways; the Spanish team shows a game pattern that is further away from the results reflected in the scientific literature and the US game can be considered more orthodox. The Tpatterns detected, using the THEME software (v.6 Edu), have made it possible to characterize sequences, effective and ineffective, common and differential in both teams, taking into account the functional class of the players who participate in the construction of the sequences that achieve a shot.</subfield>
</datafield>
<datafield tag="024" ind2=" " ind1="8">
<subfield code="a">2247-8051</subfield>
</datafield>
<datafield tag="024" ind2=" " ind1="8">
<subfield code="a">http://hdl.handle.net/10259/10336</subfield>
</datafield>
<datafield tag="024" ind2=" " ind1="8">
<subfield code="a">10.7752/jpes.2021.06472</subfield>
</datafield>
<datafield tag="024" ind2=" " ind1="8">
<subfield code="a">2247-806X</subfield>
</datafield>
<datafield ind1=" " ind2=" " tag="653">
<subfield code="a">Adapted sports</subfield>
</datafield>
<datafield ind1=" " ind2=" " tag="653">
<subfield code="a">Paralympic games</subfield>
</datafield>
<datafield ind1=" " ind2=" " tag="653">
<subfield code="a">Match analysis</subfield>
</datafield>
<datafield ind1=" " ind2=" " tag="653">
<subfield code="a">Effectiveness</subfield>
</datafield>
<datafield ind1=" " ind2=" " tag="653">
<subfield code="a">Observational methodology</subfield>
</datafield>
<datafield tag="245" ind1="0" ind2="0">
<subfield code="a">Influence of the functional class of the players in wheelchair basketball: a comparative match analysis</subfield>
</datafield>
</record></metadata></record></GetRecord></OAI-PMH>